[Event "World Rapid 2019"]
[Site "Moscow RUS"]
[Date "2019.12.28"]
[Round "14.28"]
[White "Paravyan, David"]
[Black "Bocharov, Dmitry"]
[Result "1/2-1/2"]
[WhiteTitle "GM"]
[BlackTitle "GM"]
[WhiteElo "2629"]
[BlackElo "2524"]
[WhiteFideId "4194985"]
[BlackFideId "4138716"]
[EventDate "2019.12.26"]

1. e4 c5 2. Nf3 e6 3. d4 cxd4 4. Nxd4 a6 5. a3 Nf6 6. Nc3 Qc7 7. f4 d6 8. g4 d5
9. e5 Nfd7 10. Be3 Nc6 11. h4 b5 12. Nxc6 Qxc6 13. Bg2 Bb7 14. Bd4 b4 15. axb4
Bxb4 16. O-O O-O 17. g5 a5 18. h5 g6 19. Ne2 Ba6 20. Rf2 Bc5 21. Bxc5 Bxe2 22.
Qxe2 Qxc5 23. c4 Nb6 24. cxd5 Nxd5 25. Bxd5 Qxd5 26. Rd1 Qc5 27. h6 Rfc8 28. Kg2
Rab8 29. Qf3 Rd8 30. Rfd2 Rf8 31. b3 Rbc8 32. Rd3 Qb4 33. R1d2 a4 34. bxa4 Qxa4
35. Kg3 Qa1 36. Kh2 Qc1 37. Qd1 Qc4 38. Kg3 Qc7 1/2-1/2

[Event "World Rapid 2019"]
[Site "Moscow RUS"]
[Date "2019.12.28"]
[Round "14.29"]
[White "Geller, Jakov"]
[Black "Predke, Alexandr"]
[Result "1/2-1/2"]
[WhiteTitle "GM"]
[BlackTitle "GM"]
[WhiteElo "2521"]
[BlackElo "2676"]
[WhiteFideId "4151984"]
[BlackFideId "24107581"]
[EventDate "2019.12.26"]

1. e4 c6 2. d4 d5 3. Nc3 dxe4 4. Nxe4 Nd7 5. Nf3 Ngf6 6. Nxf6+ Nxf6 7. Bc4 Bf5
8. O-O e6 9. a4 Be7 10. c3 O-O 11. Bf4 c5 12. Qe2 Bg4 13. h3 Bh5 14. Rfd1 Qa5
15. g4 Bg6 16. Ne5 cxd4 17. b4 d3 18. Qf3 Qd8 19. Nxg6 hxg6 20. Qxb7 Qc8 21.
Qxc8 Raxc8 22. Bxd3 Nd5 23. Be5 Nxc3 24. Bxc3 Rxc3 25. b5 Rd8 26. Be2 Rxd1+ 27.
Bxd1 Rxh3 28. f3 Rg3+ 29. Kf2 Bh4 30. Kf1 Bf6 31. Ra2 Bd4 32. Rg2 Rxg2 33. Kxg2
Bb6 34. Kf1 g5 35. Ke2 Kf8 36. Kd3 Ke7 37. Kc4 Kd6 38. Kb4 Bc5+ 39. Kc4 Bb6 40.
Kb4 Be3 41. Kc3 Kc5 42. Kd3 Bf2 43. Bb3 Be1 44. Bd1 Kd5 45. Bb3+ Ke5 46. Ke3 Ba5
47. Ba2 Bb6+ 48. Kd3 g6 49. Bb3 f6 50. Ke2 Kd6 51. Ba2 f5 52. Bb3 Ke5 53. Ba2
Kf6 54. Bb3 e5 55. Bd5 Ke7 56. Bc6 Ke6 57. Be8 Kf6 58. Kd3 e4+ 59. fxe4 fxg4 60.
Ke2 Ke5 61. Kf1 Kxe4 62. Kg2 Kf5 63. Bc6 Bc7 64. Bb7 g3 65. Kf3 g4+ 66. Kg2 g5
67. Bc8+ Kf4 68. Bd7 Bb6 69. Bc8 Ba5 1/2-1/2

[Event "World Rapid 2019"]
[Site "Moscow RUS"]
[Date "2019.12.28"]
[Round "14.30"]
[White "Jumabayev, Rinat"]
[Black "Demchenko, Anton"]
[Result "0-1"]
[WhiteTitle "GM"]
[BlackTitle "GM"]
[WhiteElo "2646"]
[BlackElo "2642"]
[WhiteFideId "13702661"]
[BlackFideId "4160258"]
[EventDate "2019.12.26"]

1. d4 Nf6 2. c4 g6 3. g3 Bg7 4. Bg2 O-O 5. Nf3 d6 6. Nc3 Nbd7 7. O-O e5 8. e4
exd4 9. Nxd4 Re8 10. Qc2 c6 11. Rd1 Qe7 12. Bf4 Nh5 13. Be3 a5 14. h3 Nhf6 15.
b3 Nc5 16. Re1 Bd7 17. Rad1 Nfxe4 18. Bc1 f5 19. f3 Bxd4+ 20. Rxd4 Qg7 21. Red1
Nxg3 22. Kf2 f4 23. Rxd6 Nf5 24. Ba3 Nxd6 25. Rxd6 Bf5 26. Qd2 Qe5 27. Kg1 a4
28. bxa4 Qe3+ 29. Kh2 Qxd2 30. Rxd2 Nxa4 31. Ne4 Bxe4 32. fxe4 Rad8 33. Rf2 g5
34. Bb4 Rd4 35. a3 Kf7 36. c5 Kg6 37. Bf3 Rexe4 38. Bxe4+ Rxe4 39. Rd2 h5 40.
Rd7 g4 41. hxg4 hxg4 42. Rxb7 Re2+ 43. Kg1 g3 44. Rb8 Nb2 45. Rf8 Nd3 46. Bc3
Rc2 47. Bd4 Kg5 48. Rg8+ Kf5 49. Re8 0-1

[Event "World Rapid 2019"]
[Site "Moscow RUS"]
[Date "2019.12.28"]
[Round "14.31"]
[White "Vallejo Pons, Francisco"]
[Black "Xu, Yinglun"]
[Result "0-1"]
[WhiteTitle "GM"]
[BlackTitle "GM"]
[WhiteElo "2704"]
[BlackElo "2555"]
[WhiteFideId "2205530"]
[BlackFideId "8604940"]
[EventDate "2019.12.26"]

1. e4 e6 2. d4 d5 3. Nc3 Nf6 4. e5 Nfd7 5. f4 c5 6. Nf3 Nc6 7. Be3 a6 8. Ne2 Qb6
9. Qc1 Be7 10. c3 f6 11. g3 O-O 12. Bh3 cxd4 13. cxd4 fxe5 14. dxe5 Bc5 15. Bd2
Bf2+ 16. Kd1 Nc5 17. Qc2 Bd7 18. Ng5 g6 19. Rf1 Nd4 20. Qb1 Ba4+ 21. b3 Ncxb3
22. Rxf2 Nxa1+ 23. Kc1 Nxe2+ 24. Rxe2 Rac8+ 0-1

[Event "World Rapid 2019"]
[Site "Moscow RUS"]
[Date "2019.12.28"]
[Round "14.32"]
[White "Najer, Evgeniy"]
[Black "Dreev, Aleksey"]
[Result "0-1"]
[WhiteTitle "GM"]
[BlackTitle "GM"]
[WhiteElo "2661"]
[BlackElo "2677"]
[WhiteFideId "4118987"]
[BlackFideId "4100107"]
[EventDate "2019.12.26"]

1. e4 c5 2. Nf3 e6 3. d4 cxd4 4. Nxd4 Nf6 5. Nc3 Nc6 6. Nxc6 bxc6 7. e5 Nd5 8.
Ne4 Qc7 9. f4 Qb6 10. c4 Bb4+ 11. Ke2 f5 12. exf6 Nxf6 13. Be3 Qd8 14. Nd6+ Bxd6
15. Qxd6 Bb7 16. Rd1 Rc8 17. Bxa7 c5 18. Bb6 Qe7 19. Qxe7+ Kxe7 20. a3 d5 21.
Ke1 Rhf8 22. Be2 Nd7 23. Ba5 Rxf4 24. cxd5 Bxd5 25. Rf1 Re4 26. Rf2 Nf6 27. h3
Bc4 28. Rd2 Nd5 29. Kd1 Ra8 30. Bc3 Nxc3+ 31. bxc3 Rxa3 32. Bxc4 Rxc4 33. Rb2
Ra7 34. Kc2 Re4 35. Kd3 Re5 36. Kc4 Re4+ 37. Kd3 Rea4 38. Rf3 Rd7+ 39. Ke3 Rc4
40. Rb3 h5 41. Rf1 Ra4 42. Rb5 Rc4 43. Rb3 g5 44. Ra3 h4 45. Rf2 Rd5 46. Ra7+
Kd6 47. Rc2 Ke5 48. Rg7 Re4+ 49. Kf2 Kf4 50. c4 Rf5 51. Kg1 Ke3 52. Ra7 Kd3 53.
Rc1 Rxc4 54. Ra3+ Kd4 55. Re1 Kd5 56. Ra8 Rd4 57. Re8 e5 58. Rd8+ Kc6 59. Rc8+
Kb6 60. Rb1+ Rb4 61. Rb8+ Kc6 62. R8xb4 cxb4 63. Rxb4 Kd5 64. g3 hxg3 65. Kg2 e4
66. Rb5+ Ke6 67. Rb6+ Ke5 68. Kxg3 Rf1 69. Kg2 Rf6 70. Rb8 e3 71. Re8+ Kd4 72.
Kg3 Rf4 73. Rd8+ Kc3 74. Rg8 e2 75. Rxg5 Re4 76. Rc5+ Kd2 0-1

[Event "World Rapid 2019"]
[Site "Moscow RUS"]
[Date "2019.12.28"]
[Round "14.33"]
[White "Salgado Lopez, Ivan"]
[Black "Gareyev, Timur"]
[Result "0-1"]
[WhiteTitle "GM"]
[BlackTitle "GM"]
[WhiteElo "2605"]
[BlackElo "2598"]
[WhiteFideId "2257327"]
[BlackFideId "14200937"]
[EventDate "2019.12.26"]

1. e4 c5 2. c3 b6 3. d4 Bb7 4. Bd3 cxd4 5. cxd4 Nc6 6. Nf3 Nb4 7. Nc3 Nxd3+ 8.
Qxd3 e6 9. O-O Nf6 10. d5 Bb4 11. Bg5 h6 12. Bh4 g5 13. Bg3 O-O 14. Rad1 Rc8 15.
Be5 d6 16. a3 Bxc3 17. Bxc3 e5 18. Nd2 Qd7 19. Qf3 Ne8 20. Rfe1 f5 21. exf5 Rxf5
22. Qh3 Nf6 23. Nf1 Nxd5 24. Rxd5 Bxd5 25. Ne3 Be6 26. Nxf5 Bxf5 27. Qxh6 Qe7
28. h3 a5 29. Re3 Rc4 30. Rf3 Rh4 31. Qxh4 gxh4 32. Rxf5 Qe6 33. Rf3 Qd5 34. Re3
Qd1+ 35. Re1 Qc2 36. f3 Kf7 37. Re4 d5 38. Rxe5 d4 39. Be1 Qxb2 40. Bxh4 d3 41.
Re7+ Kg6 42. Re6+ Kf7 43. Re7+ Kf8 44. Rd7 Qxa3 45. Kh2 Qc3 46. Bg5 a4 47. f4 a3
48. g4 a2 49. f5 Qc6 50. Ra7 d2 51. f6 Qd6+ 52. Kg2 Qd5+ 53. Kg3 Qxg5 0-1

[Event "World Rapid 2019"]
[Site "Moscow RUS"]
[Date "2019.12.28"]
[Round "14.34"]
[White "Tregubov, Pavel V."]
[Black "Perunovic, Milos"]
[Result "1-0"]
[WhiteTitle "GM"]
[BlackTitle "GM"]
[WhiteElo "2588"]
[BlackElo "2589"]
[WhiteFideId "4115341"]
[BlackFideId "921629"]
[EventDate "2019.12.26"]

1. e4 c5 2. Nf3 Nc6 3. c3 Nf6 4. e5 Nd5 5. d4 cxd4 6. cxd4 d6 7. Bc4 dxe5 8.
Bxd5 Qxd5 9. Nc3 Qd6 10. d5 Nd4 11. Nxd4 exd4 12. Qxd4 e5 13. Qd3 Bd7 14. O-O f5
15. Re1 Kf7 16. Bd2 a6 17. Nd1 Be7 18. Ne3 e4 19. Qb3 b5 20. a3 a5 21. g3 Rhc8
22. Rac1 Rxc1 23. Rxc1 f4 24. Ng2 e3 25. fxe3 fxg3 26. e4 gxh2+ 27. Kh1 a4 28.
Qf3+ Qf6 29. Qh5+ Kg8 30. e5 Qf2 31. Be3 Qxb2 32. Rc7 Qa1+ 33. Kxh2 g6 34. Qf3
Rf8 35. Bf4 Bg5 36. Qe3 Rxf4 37. Nxf4 Qf1 38. Kg3 Qh3+ 39. Nxh3 Bc8 40. Rc5 1-0

[Event "World Rapid 2019"]
[Site "Moscow RUS"]
[Date "2019.12.28"]
[Round "14.36"]
[White "Utegaliyev, Azamat"]
[Black "Matlakov, Maxim"]
[Result "1/2-1/2"]
[BlackTitle "GM"]
[WhiteElo "2502"]
[BlackElo "2699"]
[WhiteFideId "13702467"]
[BlackFideId "4168003"]
[EventDate "2019.12.26"]

1. e4 c5 2. Nc3 d6 3. g3 Nc6 4. Bg2 g6 5. Nge2 Bg7 6. d3 e5 7. Nd5 Nge7 8. Bg5
h6 9. Bf6 Kf8 10. Bxg7+ Kxg7 11. Ne3 Be6 12. O-O d5 13. exd5 Nxd5 14. Qd2 Re8
15. Rae1 Qd7 16. Nc3 Nf6 17. f4 exf4 18. Rxf4 Nd4 19. Ref1 Nh5 20. R4f2 f5 21.
g4 fxg4 22. Ne4 Qe7 23. c3 Nf3+ 24. Bxf3 gxf3 25. Rxf3 Rf8 26. d4 Rxf3 27. Rxf3
Rd8 28. Ng3 Qg5 29. Qf2 cxd4 30. cxd4 Nxg3 31. hxg3 Bxa2 32. Rf4 Be6 33. Kh2 h5
34. Qc2 Kh6 35. Qc7 Re8 36. Qxb7 Qa5 37. Qg2 Bb3 38. Qf2 Qg5 39. Qf3 Be6 40. d5
Bd7 41. Re4 Rxe4 42. Qxe4 Qf6 43. b4 a6 44. Kg2 Kg7 45. Qc4 Qe5 46. Kf2 Bb5 47.
Qc5 Qf6+ 48. Kg2 Be2 49. Qc7+ Kh6 50. Kg1 Qf3 51. Qe5 Bb5 52. Qh8+ Kg5 53. Qe5+
Kh6 54. Qh8+ Kg5 55. Qe5+ Kh6 56. d6 Qf8 57. Qe6 Qf3 58. Qe5 Qf8 59. Qe6 Qf3 60.
Qe5 Qf8 61. Qe6 Qf3 62. Qe5 Qf8 1/2-1/2

[Event "World Rapid 2019"]
[Site "Moscow RUS"]
[Date "2019.12.28"]
[Round "14.37"]
[White "Meier, Georg"]
[Black "Kobalia, Mikhail"]
[Result "1/2-1/2"]
[WhiteTitle "GM"]
[BlackTitle "GM"]
[WhiteElo "2626"]
[BlackElo "2609"]
[WhiteFideId "4675789"]
[BlackFideId "4119150"]
[EventDate "2019.12.26"]

1. Nf3 d5 2. g3 c6 3. Bg2 Bg4 4. h3 Bh5 5. c4 e6 6. O-O Nf6 7. d3 Be7 8. Qb3 Qb6
9. Be3 Qc7 10. Bf4 Qb6 11. g4 Bg6 12. Ne5 Nbd7 13. Nxg6 hxg6 14. Nd2 O-O 15. Qc2
Rfe8 16. Bg3 a5 17. e3 a4 18. a3 d4 19. exd4 Qxd4 20. Nf3 Qb6 21. d4 c5 22. Rfd1
Rec8 23. Qe2 cxd4 24. Nxd4 Nc5 25. Nb5 Nb3 26. Rab1 Bf8 27. Bf3 g5 28. Kg2 Bc5
29. Qe5 Na5 30. Rbc1 Rd8 31. Rxd8+ Rxd8 32. Qxg5 Rc8 33. Qe5 Nxc4 34. Rxc4 Qxb5
35. Rb4 Qd3 36. Rxb7 Bd4 37. Qb5 Qc2 38. Rb8 Rxb8 39. Qxb8+ Kh7 40. Qb7 Nd5 41.
h4 f6 42. Bxd5 exd5 43. Qxd5 Bxb2 44. Bd6 Qb3 45. Qe4+ Kg8 46. g5 fxg5 47. hxg5
Bxa3 48. Qe8+ Kh7 49. Qh5+ Kg8 50. Bxa3 Qxa3 51. g6 Qb3 52. Qe5 Qb7+ 53. Kh2 Kf8
54. Qf4+ Ke8 55. Qxa4+ Ke7 56. Qf4 Qd5 57. Qh4+ Ke6 58. f4 Qd2+ 59. Kh3 Qd3+ 60.
Qg3 1/2-1/2

[Event "World Rapid 2019"]
[Site "Moscow RUS"]
[Date "2019.12.28"]
[Round "14.38"]
[White "Potkin, Vladimir"]
[Black "Socko, Bartosz"]
[Result "1-0"]
[WhiteTitle "GM"]
[BlackTitle "GM"]
[WhiteElo "2583"]
[BlackElo "2618"]
[WhiteFideId "4131061"]
[BlackFideId "1107038"]
[EventDate "2019.12.26"]

1. e4 e6 2. d4 d5 3. Nd2 Be7 4. Ngf3 Nf6 5. e5 Nfd7 6. c3 c5 7. Bd3 b6 8. O-O
Ba6 9. Ne1 Qc7 10. Qg4 g6 11. Ndf3 Qb7 12. Bh6 Nc6 13. Qf4 Bxd3 14. Nxd3 c4 15.
Nde1 Qc7 16. Ng5 Nd8 17. Qe3 Bf8 18. Qh3 b5 19. Nc2 Nb6 20. Ne3 Qe7 21. Ng4 Nd7
22. Bxf8 Qxg5 23. Bg7 Rg8 24. Nf6+ Nxf6 25. Bxf6 Qh5 26. Qxh5 gxh5 27. f4 Nc6
28. Rf3 Rg4 29. Rh3 Kd7 30. Rxh5 Rag8 31. Bg5 Ne7 32. Kf2 Nf5 33. Kf3 R4xg5 34.
Rxg5 Nh4+ 35. Kf2 Ng6 36. g3 b4 37. f5 h6 38. Rh5 Ne7 39. fxe6+ fxe6 40. Rxh6
Rb8 41. Re1 bxc3 42. bxc3 Rb2+ 43. Re2 Rb1 44. Rh7 Kd8 45. g4 Ng6 46. Rf7 Rc1
47. Rb2 Kc8 48. Rf6 Ne7 49. Rxe6 Kd7 50. Ra6 Nc8 51. Rb7+ Kd8 52. Rh6 Rc2+ 53.
Ke1 1-0

[Event "World Rapid 2019"]
[Site "Moscow RUS"]
[Date "2019.12.28"]
[Round "14.39"]
[White "Ismagambetov, Anuar"]
[Black "Laznicka, Viktor"]
[Result "0-1"]
[WhiteTitle "GM"]
[BlackTitle "GM"]
[WhiteElo "2528"]
[BlackElo "2648"]
[WhiteFideId "13701525"]
[BlackFideId "316385"]
[EventDate "2019.12.26"]

1. e4 d5 2. exd5 Qxd5 3. Nc3 Qa5 4. d4 Nf6 5. Bc4 Bg4 6. Nf3 Qf5 7. Be2 Nc6 8.
O-O O-O-O 9. Be3 e5 10. d5 Nb4 11. Bxa7 Nbxd5 12. Nxd5 Rxd5 13. Qe1 e4 14. Nd2
Bd6 15. f4 Bxe2 16. Qxe2 b6 17. Qa6+ Kd7 18. Nc4 Bc5+ 19. Kh1 Ng4 20. Qb7 Qh5
21. h3 Nf2+ 22. Rxf2 Bxf2 23. Bxb6 Rd1+ 24. Kh2 Bxb6 25. Nxb6+ Kd6 26. Nc4+ Kd7
27. Ne5+ Ke6 28. Qc6+ Rd6 29. Qxe4 f5 30. Qc4+ Kf6 31. Qxc7 Rhd8 32. Nc4 R6d7
33. Qc6+ Ke7 34. Re1+ Kf8 35. a4 Qh4 36. Qc5+ Kg8 37. Qe5 g6 38. Re2 Rd4 39. g3
Qh5 40. Qe6+ Kg7 41. Qe7+ Kh6 42. b3 Rd1 43. Qg5+ Qxg5 44. fxg5+ Kxg5 45. a5 Ra1
46. c3 Rd3 47. Rc2 f4 48. gxf4+ Kh4 49. Ne5 Rxh3+ 50. Kg2 Rg3+ 51. Kf2 Rxa5 52.
b4 Ra3 53. c4 Rh3 54. Re2 Rh2+ 55. Ke1 Ra1+ 56. Kd2 Ra2+ 57. Kd3 Rhxe2 58. b5
Reb2 59. Kc3 Kg3 60. Nc6 Rb1 61. Nd4 Ra4 62. c5 Rxd4 0-1

[Event "World Rapid 2019"]
[Site "Moscow RUS"]
[Date "2019.12.28"]
[Round "14.40"]
[White "Chigaev, Maksim"]
[Black "Bluebaum, Matthias"]
[Result "1-0"]
[WhiteTitle "GM"]
[BlackTitle "GM"]
[WhiteElo "2631"]
[BlackElo "2644"]
[WhiteFideId "4108116"]
[BlackFideId "24651516"]
[EventDate "2019.12.26"]

1. Nf3 d5 2. c4 d4 3. b4 c5 4. g3 Nf6 5. Bg2 Qc7 6. d3 e5 7. b5 Bd6 8. O-O O-O
9. a4 a5 10. e3 dxe3 11. Bxe3 b6 12. Bg5 Nbd7 13. Nfd2 Bb7 14. Bxb7 Qxb7 15. Nc3
Rad8 16. Nde4 Be7 17. Qf3 Kh8 18. Kg2 h6 19. Bxf6 Nxf6 20. Rad1 Rd4 21. Nxf6
Qxf3+ 22. Kxf3 Bxf6 23. Nd5 Rd8 24. Rfe1 R8xd5 25. cxd5 Rxd5 26. d4 cxd4 27. Ke4
Rd7 28. Rc1 Be7 29. Kd3 f6 30. f4 exf4 31. gxf4 Kh7 32. f5 Bb4 33. Re8 Bc5 34.
Rxc5 bxc5 35. Rc8 Rd5 36. b6 c4+ 37. Rxc4 Rd6 38. b7 Rb6 39. Rc7 Rb4 40. h3 h5
41. h4 Kh6 42. Rc8 1-0

[Event "World Rapid 2019"]
[Site "Moscow RUS"]
[Date "2019.12.28"]
[Round "14.41"]
[White "Andriasian, Zaven"]
[Black "Petrov, Nikita"]
[Result "1-0"]
[WhiteTitle "GM"]
[BlackTitle "GM"]
[WhiteElo "2611"]
[BlackElo "2585"]
[WhiteFideId "13302000"]
[BlackFideId "4101286"]
[EventDate "2019.12.26"]

1. e4 e5 2. Nf3 Nc6 3. Bc4 Bc5 4. d3 Nf6 5. Nbd2 d6 6. c3 a5 7. O-O O-O 8. h3
Be6 9. Bb5 Qb8 10. Re1 Qa7 11. Qe2 a4 12. Bxc6 bxc6 13. Nf1 Rfe8 14. Ng3 Nd7 15.
Nh4 d5 16. Qf3 Bf8 17. Nhf5 Qa6 18. Rd1 Nc5 19. Be3 Nxd3 20. Bh6 Bxf5 21. Nxf5
Nc5 22. Qg4 g6 23. exd5 cxd5 24. Rxd5 Qe6 25. Bxf8 Qxd5 26. Ne7+ Rxe7 27. Bxe7
Nd3 28. Bf6 e4 29. Rd1 Qf5 30. Qh4 Qh5 31. Qxh5 gxh5 32. f3 Nxb2 33. Rd4 exf3
34. gxf3 h6 35. Kf2 Kh7 36. Be7 Rb8 37. Ba3 Rb5 38. c4 Rb7 39. c5 c6 40. Ke2 Kg6
41. Kd2 Kf5 42. Kc2 Rb5 43. Bxb2 Rxc5+ 44. Bc3 a3 45. Ra4 Rd5 46. h4 Rc5 47.
Rxa3 Kf4 48. Ra5 1-0

[Event "World Rapid 2019"]
[Site "Moscow RUS"]
[Date "2019.12.28"]
[Round "14.42"]
[White "Sadhwani, Raunak"]
[Black "Sarana, Alexey"]
[Result "1/2-1/2"]
[WhiteTitle "IM"]
[BlackTitle "GM"]
[WhiteElo "2507"]
[BlackElo "2663"]
[WhiteFideId "35093487"]
[BlackFideId "24133795"]
[EventDate "2019.12.26"]

1. c4 Nf6 2. Nc3 e5 3. Nf3 Nc6 4. e4 Bc5 5. Nxe5 Nxe5 6. d4 Bb4 7. dxe5 Nxe4 8.
Qg4 Nxc3 9. a3 Bf8 10. bxc3 d6 11. Qg3 dxe5 12. Qxe5+ Qe7 13. Bf4 c6 14. Bd3
Qxe5+ 15. Bxe5 f6 16. Bd4 c5 17. Be3 Bd6 18. Be4 Kd7 19. O-O-O Kc7 20. Rhe1 Rd8
21. Bxh7 Be6 22. Bd3 b6 23. Be4 Rac8 24. Bd5 Bg4 25. f3 Bf5 26. g4 Bd7 27. h4
Re8 28. Bd2 Rh8 29. h5 Ba4 30. Be3 Bxd1 31. Rxd1 Rhe8 32. Be4 Rxe4 33. fxe4 Re8
34. Kd2 Rxe4 35. Rg1 Kc6 36. g5 fxg5 37. Rxg5 Re7 38. Rg6 Kd7 39. a4 Be5 40. a5
Re6 41. Rxe6 Kxe6 42. a6 Kf5 43. Kd3 Bf4 44. Bf2 Bc7 45. Be1 Bf4 46. Bh4 Bc7 47.
Be7 Ke6 48. Bh4 Kf5 49. Be7 Ke6 1/2-1/2

[Event "World Rapid 2019"]
[Site "Moscow RUS"]
[Date "2019.12.28"]
[Round "14.43"]
[White "Amin, Bassem"]
[Black "Aravindh, Chithambaram VR."]
[Result "1/2-1/2"]
[WhiteTitle "GM"]
[BlackTitle "GM"]
[WhiteElo "2683"]
[BlackElo "2605"]
[WhiteFideId "10601457"]
[BlackFideId "5072786"]
[EventDate "2019.12.26"]

1. e4 e5 2. Nf3 Nc6 3. Bc4 Bc5 4. O-O Nf6 5. d3 O-O 6. h3 d5 7. exd5 Nxd5 8. Re1
Re8 9. Ng5 Be6 10. c3 Qf6 11. Ne4 Qe7 12. Qf3 Bb6 13. a4 Rad8 14. Bg5 f6 15.
Bxd5 Rxd5 16. Bxf6 Qf7 17. Qg3 Bf5 18. Bh4 Bxe4 19. Rxe4 Ne7 20. Bxe7 Rxd3 21.
Qxd3 Qxf2+ 22. Kh2 Qg1+ 23. Kg3 Qf2+ 24. Kh2 Qg1+ 25. Kg3 Qf2+ 1/2-1/2

[Event "World Rapid 2019"]
[Site "Moscow RUS"]
[Date "2019.12.28"]
[Round "14.44"]
[White "Kovalev, Vladislav"]
[Black "Petrosyan, Manuel"]
[Result "1-0"]
[WhiteTitle "GM"]
[BlackTitle "GM"]
[WhiteElo "2662"]
[BlackElo "2613"]
[WhiteFideId "13504398"]
[BlackFideId "13300857"]
[EventDate "2019.12.26"]

1. e4 e5 2. Nf3 Nc6 3. Bb5 Nf6 4. O-O Nxe4 5. Re1 Nd6 6. Nxe5 Be7 7. Bf1 Nf5 8.
Nf3 O-O 9. d4 d5 10. c3 Bd6 11. Bd3 h6 12. Nbd2 Qf6 13. Nf1 Nce7 14. Ne5 Ng6 15.
f4 c5 16. Ne3 Nxe3 17. Bxe3 c4 18. Bb1 Bf5 19. Qf3 Ne7 20. g4 Bxb1 21. Raxb1
Rad8 22. Re2 Bxe5 23. dxe5 Qa6 24. f5 Nc6 25. Bc5 Rfe8 26. e6 f6 27. Rbe1 d4 28.
cxd4 Nxd4 29. Bxd4 Rxd4 30. h3 Re7 31. a3 Qd6 32. Kg2 Kh7 33. Re4 Rd3 34. R1e3
b5 35. h4 Rd2+ 36. Re2 Rd3 37. R4e3 Rd4 38. g5 Qd5 39. g6+ Kg8 40. Re4 Rd3 41.
Qf4 Qd6 42. Qxd6 Rxd6 43. a4 a6 44. R4e3 Rd5 45. axb5 axb5 46. Ra3 Re8 47. Ra7
Rc8 48. Rd7 Rdc5 49. e7 1-0

[Event "World Rapid 2019"]
[Site "Moscow RUS"]
[Date "2019.12.28"]
[Round "14.45"]
[White "Iturrizaga Bonelli, Eduardo"]
[Black "Murzin, Volodar"]
[Result "1/2-1/2"]
[WhiteTitle "GM"]
[BlackTitle "IM"]
[WhiteElo "2597"]
[BlackElo "2442"]
[WhiteFideId "3901211"]
[BlackFideId "44155573"]
[EventDate "2019.12.26"]

1. c4 c6 2. Nf3 Nf6 3. Nc3 d5 4. e3 a6 5. b3 Bg4 6. h3 Bh5 7. Bb2 e6 8. g4 Bg6
9. Ne5 Nbd7 10. Nxg6 hxg6 11. Qe2 Bd6 12. Bg2 g5 13. d4 Qe7 14. a3 Rh4 15. c5
Bc7 16. b4 e5 17. a4 Kf8 18. b5 Ba5 19. O-O e4 20. bxc6 bxc6 21. Rab1 Bc7 22. f3
exf3 23. Rxf3 Kg8 24. Bc1 Nf8 25. Bd2 Ne6 26. Qd3 Rh6 27. a5 Qd8 28. Rb6 Bxb6
29. axb6 a5 30. Rf1 Qb8 31. Qe2 a4 32. Ra1 a3 33. Qf3 Nd7 34. Nxd5 cxd5 35. Qxd5
Nxb6 36. cxb6 Ra6 37. b7 Nd8 38. Qd7 Nxb7 39. Qxb7 Rhb6 40. Qxb8+ Rxb8 41. Bd5
a2 42. Rxa2 Rxa2 43. Bxa2 Rb2 44. Bxf7+ Kxf7 45. Be1 Ke6 46. Bf2 Kd5 47. Kg2 Ke4
48. Kg3 g6 49. Kg2 Re2 50. Kg3 Ra2 51. Kg2 Ra8 52. Kg3 Rf8 53. Kg2 Kd3 54. Bg1 1/2-1/2

[Event "World Rapid 2019"]
[Site "Moscow RUS"]
[Date "2019.12.28"]
[Round "14.46"]
[White "Quparadze, Giga"]
[Black "Iljiushenok, Ilia"]
[Result "1-0"]
[WhiteTitle "GM"]
[BlackTitle "GM"]
[WhiteElo "2462"]
[BlackElo "2521"]
[WhiteFideId "13602250"]
[BlackFideId "24105074"]
[EventDate "2019.12.26"]

1. e4 c5 2. Nf3 d6 3. d4 cxd4 4. Nxd4 Nf6 5. Nc3 a6 6. g3 e5 7. Nb3 Nbd7 8. Bg2
b5 9. O-O Bb7 10. a4 b4 11. Nd5 Nxd5 12. exd5 a5 13. Bd2 Be7 14. c3 bxc3 15.
Bxc3 Qb6 16. Ra3 Nc5 17. Nxa5 Rxa5 18. b4 Ra8 19. a5 Qc7 20. bxc5 Qxc5 21. Qa4+
Kf8 22. Bb4 Qc8 23. Rc3 Qd8 24. Rfc1 g6 25. Rc7 Ba6 26. Bd2 Kg7 27. Rd7 Qe8 28.
Rcc7 Rf8 29. Qc6 Bf6 30. Rxd6 Bb5 31. Qc1 Bd8 32. Re6 Bxc7 33. Rxe8 Rfxe8 34.
Qxc7 Rac8 35. Qb6 Rb8 36. Qe3 1-0

[Event "World Rapid 2019"]
[Site "Moscow RUS"]
[Date "2019.12.28"]
[Round "14.47"]
[White "Jakovenko, Dmitry"]
[Black "Indjic, Aleksandar"]
[Result "1/2-1/2"]
[WhiteTitle "GM"]
[BlackTitle "GM"]
[WhiteElo "2698"]
[BlackElo "2619"]
[WhiteFideId "4122356"]
[BlackFideId "911925"]
[EventDate "2019.12.26"]

1. e4 c5 2. Nf3 d6 3. d4 cxd4 4. Nxd4 Nf6 5. Nc3 a6 6. f3 e6 7. Be3 b5 8. Qd2 h5
9. a4 b4 10. Na2 e5 11. Nb3 a5 12. Bb5+ Bd7 13. c4 Be7 14. O-O O-O 15. Nac1 Be6
16. Ne2 Qc7 17. Ng3 Nbd7 18. Qe2 Nc5 19. Nxc5 dxc5 20. Rfd1 h4 21. Nf1 Nh5 22.
Bf2 Nf4 23. Qe1 f5 24. exf5 Rxf5 25. Bxh4 Bxh4 26. Qxh4 e4 27. Ng3 Rf6 28. Nxe4
Rg6 29. Rd2 Rh6 30. Qg3 Rg6 31. Qh4 Rh6 32. Qg5 Rf8 33. Qxc5 Ne2+ 34. Rxe2 Qxh2+
35. Kf2 Rg6 36. Rg1 Rxf3+ 37. Kxf3 Bg4+ 38. Kf2 Qf4+ 39. Ke1 Qc1+ 40. Kf2 Qf4+
41. Ke1 1/2-1/2

[Event "World Rapid 2019"]
[Site "Moscow RUS"]
[Date "2019.12.28"]
[Round "14.48"]
[White "Zhigalko, Sergei"]
[Black "Savchenko, Boris"]
[Result "1-0"]
[WhiteTitle "GM"]
[BlackTitle "GM"]
[WhiteElo "2571"]
[BlackElo "2577"]
[WhiteFideId "13502956"]
[BlackFideId "4147332"]
[EventDate "2019.12.26"]

1. e4 c5 2. Nf3 e6 3. c3 Nf6 4. e5 Nd5 5. Bc4 d6 6. d4 cxd4 7. cxd4 Be7 8. O-O
O-O 9. Bd2 Nc6 10. Nc3 Nxc3 11. Bxc3 dxe5 12. dxe5 b6 13. Qe2 Qc7 14. Bd3 Rd8
15. Rac1 Bb7 16. h4 Rac8 17. a3 Qd7 18. Rfd1 Qe8 19. Re1 Nb8 20. Nd4 Rc5 21. Qg4
Nc6 22. Nxc6 Qxc6 23. Bf1 h6 24. Re3 Qc8 25. Rg3 Bf8 26. Re1 a5 27. Bd3 Qc7 28.
a4 Qc6 29. Bc2 Rc4 30. Qh5 Qc7 31. Bb3 Re4 32. Rxe4 Bxe4 33. Qxh6 Rd3 34. Qf4
Rxg3 35. Qxg3 Bc5 36. Qg4 Qb7 37. h5 Kh7 38. Bc4 Bf5 39. Qe2 Qe4 40. Qxe4 Bxe4
41. Kf1 Bc2 42. b3 Kh6 43. Bd2+ Kxh5 44. g3 Bd4 1-0